Top 20 Languages of Chicago other than English and Spanish - Statistics

General Stats
  • This quiz has been taken 104 times
  • The average score is 14 of 20
Answer Stats
Answer % Correct
1 Chinese
97%
4 Arabic
95%
7 French
95%
10 Russian
94%
15 Italian
92%
2 Polish
90%
11 Korean
88%
17 German
86%
12 Hindi
85%
3 Tagalog
80%
9 Vietnamese
79%
8 Urdu
69%
16 Greek
65%
13 Ukrainian
60%
20 Hebrew
52%
6 Serbo-Croatian
45%
19 Haitian Creole
43%
14 Amharic, Somali
34%
5 Yoruba,Twi,Igbo
31%
18 Gujarati
29%
No matching quizzes found
Score Distribution
Percent of People with Each Score
Percentile by Number Answered
Your Score History
You have not taken this quiz